Top 3 in Spanish Football every year - Statistics

General Stats
  • This quiz has been taken 119 times
  • The average score is 13 of 19
Answer Stats
Answer % Correct
Real Madrid
100%
Atletico Madrid
99%
Barcelona
99%
Valencia
95%
Sevilla
94%
Athletic Bilbao
88%
Girona
86%
Deportivo La Coruña
84%
Real Sociedad
84%
Real Betis
78%
Villarreal
77%
Mallorca
62%
Espanyol
59%
Real Zaragoza
55%
Las Palmas
49%
Real Oviedo
35%
Sporting Gijón
28%
Racing Santander
26%
Arenas
11%
No matching quizzes found
Score Distribution
Percent of People with Each Score
Percentile by Number Answered
Your Score History
You have not taken this quiz